logo

Bir Sreshtho Munshi Abdur Rouf Library
Jhenaidah Cadet College

ডেটলাইন বাংলাদেশ : (Record no. 7911)

MARC details
000 -LEADER
fixed length control field 01017nam a22002537a 4500
001 - CONTROL NUMBER
JCCL Control Number 7911
003 - CONTROL NUMBER IDENTIFIER
JCCL marc code BD-JhCC
005 - DATE AND TIME OF LATEST TRANSACTION
control field 20180217112318.0
008 - FIXED-LENGTH DATA ELEMENTS--GENERAL INFORMATION
fixed length control field 171016s1995 bg |||| ||a| 000 0 ben d
020 ## - INTERNATIONAL STANDARD BOOK NUMBER
International Standard Book Number 984465016X
035 ## - SYSTEM CONTROL NUMBER
system control number (BD-JhCC)7911
040 ## - CATALOGING SOURCE
Original cataloging agency BD-JhCC
Modifying agency BD-JhCC
041 ## - LANGUAGE CODE
Language code of Book ben
082 ## - DEWEY DECIMAL CLASSIFICATION NUMBER
Classification number 954.9205
Author mark and Year SON 1995
100 ## - MAIN ENTRY--PERSONAL NAME
Personal name শনবার্গ, সিডনি
245 ## - TITLE STATEMENT
Title ডেটলাইন বাংলাদেশ :
Remainder of title নাইন্টিন সেভেন্টিওয়ান বাংলাদেশ মুক্তিযুদ্ধকালীন রিপোর্টাজ সংকলন /
Statement of responsibility, etc সিডনি শনবার্গ; মফিদুল হক (অনুবাদ)
260 ## - PUBLICATION, DISTRIBUTION, ETC. (IMPRINT)
Place of publication, distribution, etc ঢাকা :
Name of publisher, distributor, etc সাহিত্য প্রকাশ,
Date of publication, distribution, etc 1995.
300 ## - PHYSICAL DESCRIPTION
Pagination 150 p. :
Dimensions 21 cm.
650 ## - SUBJECT ADDED ENTRY--TOPICAL TERM
Topical term or geographic name as entry element History
Chronological subdivision 1971
Geographic subdivision Bangladesh
650 ## - SUBJECT ADDED ENTRY--TOPICAL TERM
Topical term or geographic name as entry element Press Media
Form subdivision Liberation War
700 ## - ADDED ENTRY--PERSONAL NAME
Personal name হক, মফিদুল
942 ## - ADDED ENTRY ELEMENTS (KOHA)
Source of classification or shelving scheme Dewey Decimal Classification
Koha item type Books
Holdings
Source of classification or shelving scheme Damaged status Not for loan Home library Current library Shelving location Date of accession Source of acquisition Cost, normal purchase price Total Checkouts Full call number Barcode Date last seen Copy number Koha item type
Dewey Decimal Classification     JCC Rouf Library JCC Rouf Library General Stacks 02/15/2018 Zahedee Foundation 100.00   954.9205 SON 1995 9941 02/15/2018 C-1 Books

JCC Library | Contacts | JCC Home

Last Update on 23 September 2017
Copyright @ 2017-2020 JCC Rouf Library
Rouf Library, Jhenidah Cadet College (JCC), Bangladesh